000 00438nam a2200181Ia 4500
001 4247
005 20260306145741.0
008 260306t2003||||xx |||||||||||||| ||spa||
041 _aESP
082 _a320.0985
_bB72
100 _aBoloña Behr, Carlos
_eAUT
245 0 _aDe Toledo a...???:
_bdel caos al desastre
260 _c2003
300 _a309 páginas :
_c19 cm.
650 _aGEN
654 _aCDE
942 _cLIB
_dJUS
_fJUS
_2ddc
_n
999 _c4247
_d4247